[Event "Bremen-ch op"]
[Site "Bremen"]
[Date "2018.03.30"]
[Round "8"]
[White "Ungar, Benedict"]
[Black "Koenig, Emmilie"]
[Result "1/2-1/2"]
[WhiteElo "1718"]
[BlackElo "1074"]
[PlyCount "150"]
[EventDate "2018.03.24"]
[EventType "swiss"]
[EventRounds "9"]
[EventCountry "GER"]
[SourceTitle "EXT 2019"]
[Source "ChessBase"]
[SourceDate "2018.10.10"]
[SourceVersion "1"]
[SourceVersionDate "2018.10.10"]
[SourceQuality "1"]

1. Nf3 d5 2. c4 g6 3. g3 Nf6 4. Bg2 e6 5. 0-0 Bg7 6. d3 0-0 7. Nbd2 Nc6 8. Rb1 Re8 9. b4 dxc4 10. dxc4 a6 11. a3 Rb8 12. Qc2 Qe7 13. b5 axb5 14. cxb5 Na5 15. Nc4 Qc5 16. Nfd2 Nd7 17. Rb4 Nxc4 18. Nxc4 Bf8 19. Be3 Qf5 20. Qxf5 exf5 21. Rb3 Bc5 22. Rd1 Bxe3 23. Rxe3 Rxe3 24. Nxe3 Ra8 25. Nd5 Kf8 26. h4 Rxa3 27. Nxc7 Rc3 28. b6 Rb3 29. Nd5 Kg7 30. Rc1 Nxb6 31. Nxb6 Rxb6 32. Rxc8 Rb1+ 33. Kh2 Kf6 34. Rc7 Rb2 35. Rxb7 Rxe2 36. f4 h6 37. Kh3 Re8 38. Bd5 Rf8 39. Kg2 Kg7 40. Kf3 Kf6 41. Ke3 Re8+ 42. Kd4 Rf8 43. Ra7 Kg7 44. Ke3 Re8+ 45. Kf3 Rf8 46. g4 fxg4+ 47. Kxg4 Kf6 48. Ra6+ Kg7 49. Ra8 f5+ 50. Kf3 Rf6 51. Ra7+ Kf8 52. Rh7 g5 53. hxg5 hxg5 54. fxg5 Rd6 55. Rf7+ Ke8 56. Rxf5 Kd7 57. Kf4 Ra6 58. Rf6 Ra1 59. Ke5 Rg1 60. g6 Rg5+ 61. Kd4 Ke7 62. Ra6 Kf8 63. Bf7 Rg4+ 64. Ke5 Kg7 65. Ra8 Rg1 66. Kf5 Rf1+ 67. Kg5 Rg1+ 68. Kf5 Rf1+ 69. Ke4 Re1+ 70. Kf3 Rg1 71. Kf2 Rg5 72. Rg8+ Kf6 73. Rf8 Ke7 74. Re8+ Kf6 75. Re6+ Kg7 1/2-1/2

[Event "Bremen-ch op"]
[Site "Bremen"]
[Date "2016.03.21"]
[Round "4"]
[White "Ungar, Benedict"]
[Black "Klemm, Robert"]
[Result "0-1"]
[WhiteElo "1678"]
[BlackElo "1852"]
[PlyCount "116"]
[EventDate "2016.03.19"]
[EventType "swiss"]
[EventRounds "9"]
[EventCountry "GER"]
[SourceTitle "EXT 2018"]
[Source "ChessBase"]
[SourceDate "2017.10.13"]
[SourceVersion "1"]
[SourceVersionDate "2017.10.13"]
[SourceQuality "1"]

1. Nf3 Nf6 2. g3 g6 3. Bg2 Bg7 4. 0-0 d6 5. d4 0-0 6. c4 Nbd7 7. Nbd2 c6 8. Rb1 a5 9. b3 e5 10. e3 e4 11. Ng5 d5 12. cxd5 cxd5 13. Nh3 Qe7 14. Nf4 b5 15. Bb2 Nb6 16. Rc1 a4 17. Rc6 Rb8 18. Qc2 a3 19. Ba1 b4 20. Qc5 Qxc5 21. dxc5 Nbd7 22. Rc1 Re8 23. Bd4 g5 24. Nh3 h6 25. f3 Bb7 26. Rc7 Ne5 27. fxe4 Nd3 28. Rf1 Ne5 29. Rf5 Nxe4 30. Nxe4 dxe4 31. Nf2 Bc8 32. Bxe4 Bxf5 33. Bxf5 Nf3+ 34. Kg2 Nxd4 35. exd4 Bxd4 36. Ne4 Kf8 37. Kf3 Re7 38. Rc6 Kg7 39. Rd6 Be5 40. Rd7 Rxd7 41. Bxd7 Rd8 42. c6 f5 43. Nc5 Kf6 44. Nb7 Rh8 45. Nc5 h5 46. Ne6 Rh7 47. Nd4 h4 48. Nxf5 hxg3 49. hxg3 Rh2 50. Ne3 Rxa2 51. Ng4+ Ke7 52. Nxe5 Kd8 53. Nd3 Rb2 54. Ke4 a2 55. Kd5 Rd2 56. Bf5 a1Q 57. Ke6 Qd4 58. g4 Rxd3 0-1

[Event "Bremen-ch op"]
[Site "Bremen"]
[Date "2016.03.20"]
[Round "2"]
[White "Ungar, Benedict"]
[Black "Rast, Matthias"]
[Result "1/2-1/2"]
[WhiteElo "1678"]
[BlackElo "1213"]
[PlyCount "36"]
[EventDate "2016.03.19"]
[EventType "swiss"]
[EventRounds "9"]
[EventCountry "GER"]
[SourceTitle "EXT 2018"]
[Source "ChessBase"]
[SourceDate "2017.10.13"]
[SourceVersion "1"]
[SourceVersionDate "2017.10.13"]
[SourceQuality "1"]

1. Nf3 d5 2. c4 c6 3. g3 Nf6 4. Bg2 Bf5 5. cxd5 cxd5 6. Qb3 Qc8 7. 0-0 Nc6 8. d3 e5 9. e4 dxe4 10. Ng5 Bg6 11. Nxe4 Nxe4 12. dxe4 Nd4 13. Qa4+ Qc6 14. Qxc6+ Nxc6 15. Nc3 Rd8 16. Nd5 Bd6 17. f4 f6 18. fxe5 Nxe5 1/2-1/2

[Event "Schleswig Holstein-ch Seniors op 9th"]
[Site "Buesum"]
[Date "2015.10.02"]
[Round "5"]
[White "Bendisch, Juergen"]
[Black "Ungar, Benedict"]
[Result "1/2-1/2"]
[WhiteElo "1901"]
[BlackElo "1690"]
[PlyCount "48"]
[EventDate "2015.09.28"]
[EventType "swiss"]
[EventRounds "9"]
[EventCountry "GER"]
[SourceTitle "EXT 2018"]
[Source "ChessBase"]
[SourceDate "2017.10.13"]
[SourceVersion "1"]
[SourceVersionDate "2017.10.13"]
[SourceQuality "1"]

1. d4 Nc6 2. e4 e5 3. d5 Nce7 4. Be3 Ng6 5. Nf3 Nf6 6. Bd3 Ng4 7. Bd2 Bc5 8. 0-0 d6 9. h3 Nf6 10. Nc3 a6 11. Qe1 0-0 12. Be3 Bxe3 13. Qxe3 h6 14. Ne2 Nh5 15. Kh2 Qd7 16. Nfg1 Qe7 17. g3 Bd7 18. Nc3 Nf6 19. Be2 Nh7 20. Bh5 Nf6 21. Bf3 Nh7 22. Bg2 b5 23. a3 a5 24. f3 Qg5 1/2-1/2

[Event "Bremen-ch op"]
[Site "Bremen"]
[Date "2015.03.28"]
[Round "1"]
[White "Kuegel, Tobias"]
[Black "Ungar, Benedict"]
[Result "1-0"]
[WhiteElo "2189"]
[BlackElo "1749"]
[PlyCount "49"]
[EventDate "2015.03.28"]
[EventType "swiss"]
[EventRounds "9"]
[EventCountry "GER"]
[SourceTitle "EXT 2018"]
[Source "ChessBase"]
[SourceDate "2017.10.13"]
[SourceVersion "1"]
[SourceVersionDate "2017.10.13"]
[SourceQuality "1"]

1. e4 e6 2. d4 d5 3. Nd2 Nf6 4. e5 Nfd7 5. Bd3 c5 6. c3 Nc6 7. Ne2 Qb6 8. Nf3 f6 9. exf6 Nxf6 10. 0-0 Bd6 11. Bb1 0-0 12. a3 cxd4 13. cxd4 e5 14. dxe5 Nxe5 15. Nc3 Nxf3+ 16. Qxf3 Bg4 17. Qd3 d4 18. Nd5 Qd8 19. Nxf6+ Qxf6 20. Qxh7+ Kf7 21. Ba2+ Ke7 22. Qe4+ Be6 23. Bg5 Kd7 24. Qxb7+ Bc7 25. Bxf6 1-0

[Event "GER-ch Seniors"]
[Site "Dresden"]
[Date "2012.08.16"]
[Round "8"]
[White "Fleischer, Matthias"]
[Black "Ungar, Benedict"]
[Result "0-1"]
[WhiteElo "1937"]
[BlackElo "1789"]
[PlyCount "91"]
[EventDate "2012.08.09"]
[EventType "swiss"]
[EventRounds "9"]
[EventCountry "GER"]
[SourceTitle "EXT 2014"]
[Source "ChessBase"]
[SourceDate "2013.11.20"]
[SourceVersion "1"]
[SourceVersionDate "2013.11.20"]
[SourceQuality "1"]

1. e4 Nc6 2. d4 e5 3. Nf3 exd4 4. Nxd4 Qf6 5. c3 Bc5 6. Be3 d6 7. Be2 Nge7 8. 0-0 0-0 9. a4 a6 10. Nxc6 Nxc6 11. Bxc5 dxc5 12. f4 Qe7 13. Qc2 b6 14. Nd2 Bb7 15. Rae1 Rad8 16. Bc4 Na5 17. Ba2 c4 18. Nxc4 Nxc4 19. Bxc4 Qc5+ 20. Rf2 Qxc4 21. Rfe2 Rd3 22. e5 Rfd8 23. f5 Bc6 24. e6 fxe6 25. fxe6 Bxa4 26. Qc1 Qc5+ 27. Kh1 Qe7 28. Qf4 Bc6 29. Qc4 Bb5 30. Qe4 Rd1 31. c4 Ba4 32. b4 Rxe1+ 33. Rxe1 h6 34. h3 Rd1 35. Rxd1 Bxd1 36. Qd5 Bb3 37. Qa8+ Qf8 38. Qxa6 Qxb4 39. Qc8+ Kh7 40. Qd7 Ba4 41. Qf7 Qe1+ 42. Kh2 Qe5+ 43. Kh1 Qf6 44. Qxc7 Qxe6 45. c5 Bc6 46. cxb6 0-1

[Event "GER-ch Seniors"]
[Site "Dresden"]
[Date "2012.08.11"]
[Round "3"]
[White "Kolkwitz, Klaus"]
[Black "Ungar, Benedict"]
[Result "0-1"]
[WhiteElo "1862"]
[BlackElo "1789"]
[PlyCount "77"]
[EventDate "2012.08.09"]
[EventType "swiss"]
[EventRounds "9"]
[EventCountry "GER"]
[SourceTitle "EXT 2014"]
[Source "ChessBase"]
[SourceDate "2013.11.20"]
[SourceVersion "1"]
[SourceVersionDate "2013.11.20"]
[SourceQuality "1"]

1. d4 Nc6 2. Bf4 d5 3. e3 h6 4. c3 Nf6 5. h3 e6 6. Nf3 Bd6 7. Ne5 0-0 8. Bd3 Qe8 9. Nd2 Nd7 10. Ndf3 f5 11. Nxc6 Bxf4 12. exf4 bxc6 13. Ne5 Nxe5 14. fxe5 Qe7 15. b4 a5 16. Qd2 Ba6 17. Ke2 axb4 18. cxb4 Bxd3+ 19. Kxd3 Ra3+ 20. Ke2 Qh4 21. Rhd1 Rfa8 22. Qc2 f4 23. Rd3 f3+ 24. Rxf3 Qxd4 25. Rxa3 Rxa3 26. Re1 Qxb4 27. Rb1 Qa4 28. Rb8+ Kf7 29. Qxa4 Rxa4 30. Rb7 Rxa2+ 31. Ke3 Rc2 32. Rxc7+ Kg6 33. Re7 Kf5 34. Rxg7 Kxe5 35. Rg6 d4+ 36. Kd3 Rxf2 37. Rxh6 c5 38. g4 Kd5 39. Rh8 0-1

[Event "Niedersachsen-ch Seniors op 14th"]
[Site "Bad Bevensen"]
[Date "2011.07.06"]
[Round "2"]
[White "Peleikis, Horst"]
[Black "Ungar, Benedict"]
[Result "0-1"]
[WhiteElo "1879"]
[BlackElo "1679"]
[PlyCount "114"]
[EventDate "2011.07.05"]
[EventType "swiss"]
[EventRounds "9"]
[EventCountry "GER"]
[SourceTitle "EXT 2012"]
[Source "ChessBase"]
[SourceDate "2011.11.24"]
[SourceVersion "1"]
[SourceVersionDate "2011.11.24"]
[SourceQuality "1"]

1. e4 Nc6 2. d4 e5 3. d5 Nce7 4. c4 Ng6 5. Nf3 Bc5 6. Nc3 Nf6 7. Be2 d6 8. 0-0 0-0 9. a3 a6 10. b4 Ba7 11. h3 h6 12. Re1 Nh7 13. Bf1 f5 14. exf5 Bxf5 15. Be3 Bxe3 16. Rxe3 Ng5 17. Nxg5 Qxg5 18. Rg3 Qf6 19. Ra2 Rae8 20. Qd2 Rf7 21. Qe3 b6 22. Ne4 Qh4 23. Nd2 Qd4 24. Qxd4 exd4 25. Nf3 d3 26. Nd4 Nf4 27. Nxf5 Ne2+ 28. Kh2 Rxf5 29. Rxd3 Nc1 30. Rad2 Nxd3 31. Bxd3 Rfe5 32. g4 Kf7 33. Kg3 g6 34. Rc2 Kf6 35. Rc3 a5 36. b5 Re1 37. Bc2 Rc1 38. Rf3+ Kg7 39. Bd3 Ra1 40. Kg2 Ree1 41. Rf4 Rxa3 42. Be4 Rc3 43. Bf3 Rec1 44. Be2 R1c2 45. Bf1 a4 46. Re4 Kf7 47. Rf4+ Ke8 48. Rf6 a3 49. Rxg6 Kf7 50. Rxh6 Kg7 51. Re6 a2 52. Be2 Rxe2 53. Rxe2 a1Q 54. Re7+ Kf6 55. Rxc7 Qd1 56. g5+ Kxg5 57. Rf7 Rxc4 0-1

[Event "Schleswig Holstein-ch Seniors op"]
[Site "Eckernfoerde"]
[Date "2007.09.26"]
[Round "1"]
[White "Weinwurm, Wolfgang"]
[Black "Ungar, Benedict"]
[Result "1/2-1/2"]
[WhiteElo "2165"]
[BlackElo "1699"]
[PlyCount "131"]
[EventDate "2007.09.26"]
[EventType "swiss"]
[EventRounds "7"]
[EventCountry "GER"]
[SourceTitle "EXT 2008"]
[Source "ChessBase"]
[SourceDate "2007.11.25"]
[SourceVersion "1"]
[SourceVersionDate "2007.11.25"]
[SourceQuality "1"]

1. e4 Nc6 2. d4 e5 3. dxe5 Nxe5 4. Nc3 Nf6 5. f4 Ng6 6. e5 Ng8 7. Nf3 Bb4 8. Bc4 Nh6 9. 0-0 Bxc3 10. bxc3 0-0 11. Ba3 Ne7 12. Qe1 Re8 13. Ng5 d5 14. exd6 cxd6 15. Qd2 d5 16. Bxe7 Qb6+ 17. Qd4 Qxd4+ 18. cxd4 dxc4 19. Rfe1 Bf5 20. c3 Bg6 21. Ba3 Nf5 22. Kf2 h6 23. Nf3 h5 24. Ne5 Bh7 25. Rab1 b6 26. Rb5 f6 27. Nf3 Rxe1 28. Nxe1 Re8 29. Rd5 Ne3 30. Rd7 Nd1+ 31. Kf1 Bd3+ 32. Nxd3 cxd3 33. Be7 Ne3+ 34. Ke1 Nxg2+ 35. Kd2 Nxf4 36. c4 Ng6 37. Rd8 Rxd8 38. Bxd8 Nf4 39. c5 bxc5 40. dxc5 Kf7 41. Bc7 Nd5 42. Bb8 a6 43. a3 Ke6 44. Kxd3 Kd7 45. Ke4 Kc6 46. Bd6 Nc3+ 47. Kf5 Nb5 48. Bf8 Nd4+ 49. Kg6 Ne6 50. Be7 Nxc5 51. Kxg7 f5 52. Kg6 f4 53. Bh4 f3 54. Kxh5 Ne4 55. Kg4 f2 56. Bxf2 Nxf2+ 57. Kf3 Kd5 58. h4 Ne4 59. Kf4 a5 60. h5 Nf6 61. h6 Ke6 62. Ke3 Kd5 63. Kf4 Ke6 64. Ke3 Kd5 65. Kf4 Ke6 66. a4 1/2-1/2